Horúca voda z podzemia vykúri byty lacnejšie O necelé tri roky by Košice mali dostávať paru z geotermálneho zdroja pri Ďurkove

Bibliographic Details
Main Author: Macko, Boris (Author)
Corporate Author: Geoterm (Košice, Slovensko) (Author)
Format: Article
Language:Slovak
Subjects:

MARC

LEADER 00000nab a2200000 a 4500
001 vtls000910655
003 SK-MaSNL
005 20260302173143.0
008 040720e20030114xo 0 slo
035 |a KE19577 
040 |a KEVKJB  |b slo  |c KEVKJB  |e AACR2 
041 0 |a slo 
044 |a xo  |c SK 
080 |a 551.23  |2 1981 
100 1 |a Macko, Boris  |4 aut  |9 857682 
245 1 0 |a Horúca voda z podzemia vykúri byty lacnejšie  |b O necelé tri roky by Košice mali dostávať paru z geotermálneho zdroja pri Ďurkove 
610 2 7 |a Geoterm, Košice (združenie záujmové)  |2 KEVKJB  |9 880034 
650 0 7 |a zdroje geotermálne  |2 KEVKJB  |9 880035 
650 0 7 |a využitie  |2 KEVKJB  |9 313759 
650 0 7 |a informácie  |2 KEVKJB  |9 1285 
651 7 |a Košice (Slovensko)  |2 KEVKJB  |9 18694 
651 7 |a Ďurkov (Slovensko)  |2 KEVKJB  |9 29870 
651 7 |a Košice-okolie (Slovensko : okres)  |2 KEVKJB  |9 146743 
651 7 |a KE,  |2 KEVKJB  |9 877256 
655 7 |a periodikum  |2 snkbucl  |9 29553 
710 2 |a Geoterm (Košice, Slovensko)  |4 aut  |9 31279 
773 0 8 |t Košický večer  |g Roč. 14  |g Roč. 35, č.8, 14.1.2003, s. 3 
852 |a ZVYKNI  |b KIS3GCP 
999 |c 1400911  |d 1402841